Modern auditing

Αποθηκεύτηκε σε:
Λεπτομέρειες βιβλιογραφικής εγγραφής
Κύριος συγγραφέας: Boynton, William C.
Άλλοι συγγραφείς: Kell, Walter G.
Μορφή: Βιβλίο
Γλώσσα:English
Δημοσίευση: New York : John Wiley and Sons, c1996
Έκδοση:6th ed.
Θέματα:
Ετικέτες: Προσθήκη ετικέτας
Δεν υπάρχουν, Καταχωρήστε ετικέτα πρώτοι!

MARC

LEADER 00000nam a2200000 i 4500
001 1/93327
008 991118s1996 eng d
020 |a 0471-59687-6 
035 |l 10054371 
040 |a GR-MY-UA  |b   
041 0 |a eng 
082 0 |a 657.45 
100 1 |a Boynton, William C. 
245 1 0 |a Modern auditing /  |c William C. Bounton, Walter G. Kell 
250 |a 6th ed.  
260 |a New York :   |b John Wiley and Sons,   |c c1996 
300 |a xxxi, 928 σ. 
504 |a Περιλαμβάνει βιβλιογραφία και ευρετήριο 
650 0 0 |a Auditing. 
700 1 |a Kell, Walter G. 
852 |a INST  |b CHIOS  |e 19991118  |h 657.45 BOY  |p 005200016639  |q 005200016639  |t BK  |y 0 
852 |a INST  |b CHIOS  |e 20000111  |h 657.45 BOY  |p 005200016737  |q 005200016737  |t BK  |y 0 
852 |a INST  |b CHIOS  |e 20000211  |h 657.45 BOY   |p 005200019031  |q 005200019031  |t BK  |y 0 
852 |a INST  |b CHIOS  |e 20000211  |h 657.45 BOY   |p 005200019032  |q 005200019032  |t BK  |y 0 
852 |a INST  |b CHIOS  |e 20000211  |h 657.45 BOY   |p 005200019033  |q 005200019033  |t BK  |y 0 
852 |a INST  |b CHIOS  |e 20000111  |h 657.45 ΒΟΥ  |p 005200016736  |q 005200016736  |t BK  |y 0 
901 |a BIBL2-1999-3 
909 |a Χ  |b 070062 
909 |a Χ  |b 074323 
909 |a Χ  |b 073192 
909 |a Χ  |b 073190 
909 |a Χ  |b 073189 
909 |a Χ  |b 073191 
922 |a 2ΕΛΗ  |b 199909  |c ΤΔΕ  |d GLORYBOOK-ECONOMIST 
922 |a 2ΕΛΗ  |b 199912  |c ΤΔΕ  |d GLORYBOOK-ECONOMIST 
950 |a 112-1999-08-31 
970 |a ΣΑΛΑΜΟΥΡΑ  |b ΜΑΡΙΑ  |z 1999/11/22